000 00537nam a22001817a 4500
005 20240926115744.0
008 240920b |||||||| |||| 00| 0 eng d
020 _a978-93-5480-221-8
041 _aeng
082 _a344.0416
100 _aBHARDWAJ, DR.LOKESH KUMAR AND SINGH, DR. CHARANJEET & KUMAR AMIT
_98564
245 _aPHARMACY LAW AND ETHICS [ D. PHARMA , 2ND YEAR]
250 _a1ST RE-PRINT ED. 2024
260 _aLUCKNOW
_bTHAKUR PUBLICATION PVT.LTD
300 _a312;P
650 _aPHARMACY
_xD.PHARMA
942 _cBK
999 _c8693
_d8691